Die Längsten Anime - Statistiken

Allgemein
  • Dieses Quiz wurde 475 mal gespielt
  • Das Durchschnittsergebnis liegt bei 3 aus 15
Antwortstatistiken
Number Antwort % Korrekt
12 One Piece
99%
14 Naruto
82%
8 Pokémon
48%
11 Detective Conan
25%
13 Yu-Gi-Oh!
20%
2 Doraemon
11%
1 Sazae-san
11%
10 Crayon Shin-chan
4%
15 Gundam
3%
4 Ojarumaru
3%
6 Chibi Maruko-chan
2%
3 Nintama Rantarō
2%
9 Transformers
2%
7 Shimajirō
1%
5 Soreike! Anpanman
1%
Keine übereinstimmenden Quizze gefunden
Verteilung der Resultate
Anzahl Personen mit jedem Resultat
Perzentil nach korrekt beantworteten Fragen
Ihre Resultats-Entwicklung
Sie haben dieses Quiz noch nicht gespielt